Historia del Derecho Romano y de los Derechos Neoramanistas.
Saved in:
| 主要作者: | |
|---|---|
| 其他作者: | |
| 格式: | 圖書 |
| 出版: |
México, D.F., México:
Universidad Nacional Autónoma de México,
1981.
|
| 版: | Primera edición. |
| 叢編: | Instituto de Investigaciones Jurídicas. Textos Universitarios,
|
| 主題: | |
| 標簽: |
添加標簽
沒有標簽, 成為第一個標記此記錄!
|
MARC
| LEADER | 00000nam a2200000 a 4500 | ||
|---|---|---|---|
| 001 | UCV0581 | ||
| 003 | CL-VaPUC | ||
| 005 | 20220706074919.0 | ||
| 008 | 220706t1981 ||||| |||| 00| 0 eng d | ||
| 999 | |c 436717 |d 436715 | ||
| 020 | |a 968-58-0267-X | ||
| 040 | |c Pontificia Universidad Católica de Valparaíso | ||
| 082 | 7 | |a 340.54 BER 1981 |2 22 | |
| 100 | |a Bernal, Beatriz |9 618684 |e autora | ||
| 245 | |a Historia del Derecho Romano y de los Derechos Neoramanistas. | ||
| 250 | |a Primera edición. | ||
| 260 | |a México, D.F., México: |b Universidad Nacional Autónoma de México, |c 1981. | ||
| 300 | |a 440 páginas. | ||
| 490 | |a Instituto de Investigaciones Jurídicas. |a Textos Universitarios, |n 5 | ||
| 500 | |a T.I c.1 Donación Familia Prof. Alejandro Guzmán Brito. | ||
| 583 | |a last modification |c 19881130 00:00:00 |k Cristina María Rojas Aguilar | ||
| 650 | |a Derecho romano |x Historia |9 866196 | ||
| 650 | |a Derecho romano |x Influencia |9 872225 | ||
| 700 | |a Ledesma, José de Jesús |e autor |9 872226 | ||
| 942 | |c BK |2 ddc |n 1 | ||